|
|
|
|
| LEADER |
00000cam a2200000 7i4500 |
| 001 |
0000007150 |
| 005 |
20070618093000.0 |
| 008 |
021119s1978 |
| 020 |
|
|
|a 0134853008
|
| 090 |
0 |
0 |
|a JX1391
|b .C68
|
| 100 |
0 |
|
|a Couloumbis, Theodore A. ,
|e author
|
| 245 |
0 |
0 |
|a Introduction to international relations :
|b power and justice
|c Theodore A. Couloumbis, James H. Wolfe
|
| 260 |
2 |
|
|a Englewood Cliffs, NJ :
|b Prentice-Hall ,
|c c1978
|
| 300 |
|
|
|a 399 p. ; ;
|c 24 cm.
|
| 501 |
|
|
|a Includes references and index
|
| 650 |
|
0 |
|a International relations
|
| 700 |
0 |
|
|a Wolfe, James H. ,
|e author
|
| 999 |
|
|
|a 1000022013
|b Book
|c OPEN SHELF (30 DAYS)
|e Gong Badak Campus
|